Dávajte si pozor: low costy zarábajú na oneskorencoch

Nízkonákladová letecká doprava. Služby lacných (lowcostových) leteckých spoločností. Letecké spoločnosti easyJet, Ryanair a SkyEurop na slovenskom trhu. Prísne pravidlá prepravy.

Salvato in:
Dettagli Bibliografici
Autore principale: Blažej, Ján
Natura: Capitolo di libro
Lingua:slovacco
Soggetti:
Tags: Aggiungi Tag
Nessun Tag, puoi essere il primo ad aggiungerne!!

MARC

LEADER 00000naa$a2200000$$$4500
001 0037729
005 20231009071516.1
041 0 |a slo 
044 |a SK 
245 1 0 |a Dávajte si pozor: low costy zarábajú na oneskorencoch  |c Ján Blažej 
520 |a Nízkonákladová letecká doprava. Služby lacných (lowcostových) leteckých spoločností. Letecké spoločnosti easyJet, Ryanair a SkyEurop na slovenskom trhu. Prísne pravidlá prepravy. 
610 2 0 |a doprava letecká 
610 2 0 |a doprava letecká osobná 
610 2 0 |a doprava letecká medzinárodná 
610 2 0 |a letiská 
610 2 0 |a letenky 
610 2 0 |a ceny 
610 2 0 |a náklady 
610 2 0 |a služby 
100 1 |a Blažej, Ján